Normal view
MARC view
- Henkel J. (Editor) & Parameswaran S. (Editor)
Entry Personal Name
001 - CONTROL NUMBER
- control field: 198233
003 - CONTROL NUMBER IDENTIFIER
- control field: OSt
005 - DATE AND TIME OF LATEST TRANSACTION
- control field: 20230714215416.0
008 - FIXED-LENGTH DATA ELEMENTS
- fixed length control field: 230714|| aca||aabn | a|a d
040 ## - CATALOGING SOURCE
- Original cataloging agency: OSt
- Transcribing agency: OSt
100 ## - HEADING--PERSONAL NAME
- Personal name: Henkel J. (Editor) & Parameswaran S. (Editor)
670 ## - SOURCE DATA FOUND
- Source citation: Work cat.: (OSt)216435: Henkel J. (Editor) 198232, Designing Embedded Processors, 2011